[Event "NRW Class1 0304"]
[Site "Germany"]
[Date "2004.04.25"]
[Round "9.8"]
[White "Hemmann, Arnold"]
[Black "Feierabend, Olaf"]
[Result "1-0"]
[WhiteElo "2232"]
[BlackElo "1773"]
[PlyCount "83"]
[EventDate "2003.09.28"]
[EventType "team-tourn"]
[EventRounds "9"]
[EventCountry "GER"]
[SourceTitle "CBM 098 Extra"]
[Source "ChessBase"]
[SourceDate "2004.03.10"]
[SourceVersion "2"]
[SourceVersionDate "2004.03.10"]
[SourceQuality "1"]
[WhiteTeam "Godesberg II"]
[BlackTeam "Krefeld"]
[WhiteTeamCountry "GER"]
[BlackTeamCountry "GER"]

1. e4 d5 2. exd5 Nf6 3. d4 Nxd5 4. Nf3 Bg4 5. Be2 e6 6. Ne5 Bxe2 7. Qxe2 Bd6 8. 0-0 0-0 9. c4 Bxe5 10. dxe5 Nb6 11. Nc3 Nc6 12. Rd1 Qe7 13. Be3 Rfd8 14. b3 Rxd1+ 15. Rxd1 Rd8 16. f4 Nd7 17. Ne4 b6 18. Qf3 Nb4 19. Rd2 Nf8 20. Qd1 Rxd2 21. Qxd2 a5 22. a3 Nc6 23. c5 b5 24. Qd3 b4 25. axb4 axb4 26. Kf1 Qd7 27. Ke2 Qd5 28. Qxd5 exd5 29. Nf2 Na5 30. Nd3 Nxb3 31. Nxb4 d4 32. Bf2 Ne6 33. Kd3 Nbxc5+ 34. Kc4 d3 35. Be3 Kf8 36. f5 Nd7 37. fxe6 Nxe5+ 38. Kd5 Ng4 39. Bc5+ Ke8 40. Nxd3 fxe6+ 41. Kxe6 Nxh2 42. Be7 1-0